[Event "ch-USA GpB"]
[Site "Saint Louis USA"]
[Date "2011.04.15"]
[Round "1"]
[White "Shankland, Samuel L"]
[Black "Hess, Robert L"]
[Result "1/2-1/2"]
[WhiteTitle "IM"]
[BlackTitle "GM"]
[WhiteElo "2512"]
[BlackElo "2565"]
[WhiteFideId "2004887"]
[BlackFideId "2022036"]
[EventDate "2011.04.15"]

1. d4 Nf6 2. c4 g6 3. Nc3 Bg7 4. e4 O-O 5. Nf3 d6 6. Be2 Na6 7. O-O e5 8. Re1
Qe8 9. Bf1 Bg4 10. d5 Nb4 11. a3 Bxf3 12. gxf3 Na6 13. b4 Qe7 14. Bg5 h6 15. Be3
Nh7 16. Kh1 f5 17. c5 dxc5 18. Bxa6 bxa6 19. Bxc5 Qh4 20. Bxf8 Rxf8 21. Rg1 Ng5
22. Ra2 fxe4 23. Rxg5 hxg5 24. Nxe4 Rf4 25. d6 cxd6 26. Rc2 Kh7 27. Rc7 Kh6 28.
Nxd6 Qxf2 29. Nf7+ Kh7 30. Nxe5 Qe3 31. Rxg7+ Kxg7 32. Qd7+ Kh6 1/2-1/2

[Event "ch-USA GpB"]
[Site "Saint Louis USA"]
[Date "2011.04.17"]
[Round "3"]
[White "Shankland, Samuel L"]
[Black "Christiansen, Larry M"]
[Result "1-0"]
[WhiteTitle "IM"]
[BlackTitle "GM"]
[WhiteElo "2512"]
[BlackElo "2586"]
[WhiteFideId "2004887"]
[BlackFideId "2000059"]
[EventDate "2011.04.15"]

1. d4 Nf6 2. c4 e6 3. Nf3 Bb4+ 4. Nbd2 b6 5. a3 Bxd2+ 6. Qxd2 Bb7 7. e3 a5 8. b3
O-O 9. Be2 d6 10. Bb2 Nbd7 11. O-O Qe7 12. b4 Rfd8 13. Rfd1 axb4 14. axb4 Qe8
15. Qe1 h6 16. h3 Ne4 17. Nd2 Nxd2 18. Qxd2 Nf6 19. f3 Qe7 20. Qe1 Nh7 21. Qg3
Nf6 22. Qe1 Nd7 23. Qg3 Nf6 24. Kh2 Nh5 25. Qf2 f5 26. d5 f4 27. dxe6 Qxe6 28.
exf4 Nxf4 29. Bf1 Qf7 30. Re1 Bc6 31. Kh1 Rxa1 32. Bxa1 Re8 33. Rxe8+ Bxe8 34.
c5 bxc5 35. bxc5 Bd7 36. cxd6 cxd6 37. Qd4 d5 38. Bb2 Be6 39. Kg1 Nh5 40. Qe5
Nf4 41. Bb5 Ng6 42. Qd4 Nf4 43. Kf2 Qc7 44. Bc3 Bf5 45. Bc6 Be6 46. h4 Kh8 47.
Bb5 Bf5 48. Bd2 Nh5 49. Bxh6 Qh2 50. Bg5 Ng3 51. Qxd5 Nh1+ 52. Kf1 Ng3+ 53. Kf2
Nh1+ 54. Ke3 Qg1+ 55. Kf4 Bg6 56. Bc4 Qh2+ 57. Ke3 Qb8 58. g4 Qa7+ 59. Kd2 Qb8
60. Qd8+ Qxd8+ 61. Bxd8 Be8 62. Ke3 Bc6 63. Bc7 1-0

[Event "ch-USA GpB"]
[Site "Saint Louis USA"]
[Date "2011.04.18"]
[Round "4"]
[White "Shabalov, Alexander"]
[Black "Hess, Robert L"]
[Result "0-1"]
[WhiteTitle "GM"]
[BlackTitle "GM"]
[WhiteElo "2590"]
[BlackElo "2565"]
[WhiteFideId "2008572"]
[BlackFideId "2022036"]
[EventDate "2011.04.15"]

1. e4 e5 2. Nf3 Nc6 3. d4 exd4 4. Nxd4 Nf6 5. Nxc6 bxc6 6. e5 Qe7 7. Qe2 Nd5 8.
c4 Ba6 9. b3 g6 10. f4 Nb6 11. g3 O-O-O 12. Bb2 Bg7 13. Nc3 d5 14. Bg2 Rhe8 15.
O-O f6 16. a4 fxe5 17. f5 gxf5 18. Rxf5 Kb8 19. Qf2 e4 20. a5 e3 21. Qe1 Nc8 22.
cxd5 e2 23. Kh1 Rf8 24. g4 Nd6 25. Qf2 Nxf5 26. gxf5 Rxf5 0-1

[Event "ch-USA GpB"]
[Site "Saint Louis USA"]
[Date "2011.04.19"]
[Round "5"]
[White "Hess, Robert L"]
[Black "Kaidanov, Gregory S"]
[Result "1-0"]
[WhiteTitle "GM"]
[BlackTitle "GM"]
[WhiteElo "2565"]
[BlackElo "2569"]
[WhiteFideId "2022036"]
[BlackFideId "2008564"]
[EventDate "2011.04.15"]

1. e4 e6 2. d4 d5 3. Nc3 Nf6 4. Bg5 dxe4 5. Nxe4 Nbd7 6. Nf3 h6 7. Nxf6+ Nxf6 8.
Bh4 c5 9. Bb5+ Bd7 10. Bxd7+ Qxd7 11. Qe2 Be7 12. O-O cxd4 13. Rad1 O-O 14. Rxd4
Qc7 15. Rfd1 Rfd8 16. Bg3 Qb6 17. Be5 Rxd4 18. Bxd4 Qa5 19. a3 Rd8 20. h3 a6 21.
c4 Qf5 22. Rc1 Qe4 23. Qe3 Qxe3 24. Bxe3 Ne4 25. Kf1 Kf8 26. Ke2 Ke8 27. Ne5 Rc8
28. c5 Nf6 29. b4 Nd5 30. Nc4 f6 31. Kf3 Rc6 32. Bf4 e5 33. Bd2 Kf7 34. Ke4 Ke6
35. g4 g6 36. Bxh6 f5+ 37. Kf3 g5 38. Re1 e4+ 39. Kg3 b5 40. Nd6 Bxd6+ 41. cxd6
Rc3+ 42. Kh2 Kxd6 43. Bxg5 Rf3 44. Kg2 fxg4 45. hxg4 Ke5 46. Be3 Nf4+ 47. Kg1
Rh3 48. Ba7 Nd3 49. Re3 Rf3 50. Rxf3 exf3 51. Kh2 Nb2 52. Be3 Nc4 53. Bc1 Ke4
54. Kg3 Ne5 55. Kh4 Nd3 56. Be3 Ne5 57. Kh5 Nc4 58. Ba7 Ne5 59. Bb8 Nc6 60. Bg3
Ne7 61. Kh6 Nd5 62. Kg6 Ne7+ 63. Kf7 Nc6 64. Kf6 Nd4 65. g5 Nf5 66. Bb8 Ne3 67.
g6 Ng4+ 68. Ke6 1-0

[Event "ch-USA GpB"]
[Site "Saint Louis USA"]
[Date "2011.04.20"]
[Round "6"]
[White "Christiansen, Larry M"]
[Black "Hess, Robert L"]
[Result "0-1"]
[WhiteTitle "GM"]
[BlackTitle "GM"]
[WhiteElo "2586"]
[BlackElo "2565"]
[WhiteFideId "2000059"]
[BlackFideId "2022036"]
[EventDate "2011.04.15"]

1. d4 Nf6 2. c4 e6 3. Nf3 Bb4+ 4. Bd2 Qe7 5. g3 Nc6 6. Bg2 Bxd2+ 7. Qxd2 Ne4 8.
Qc2 Qb4+ 9. Nc3 Nxc3 10. bxc3 Qxc4 11. O-O O-O 12. Rab1 d5 13. Rfc1 Ne7 14. e3
Qa6 15. Ng5 Ng6 16. c4 c6 17. h4 h6 18. Nf3 Qxc4 19. Qxc4 dxc4 20. Rxc4 Rd8 21.
h5 Ne7 22. Ne1 Rd6 23. Nd3 b6 24. Ne5 Ba6 25. Rc3 Be2 26. Ra3 Nd5 27. e4 Nc7 28.
Rc3 Bb5 29. Nf3 Rad8 30. Rbc1 Na6 31. Ra3 Be2 32. Ne5 Rxd4 33. Rxc6 Bb5 34. Rcc3
Ra4 35. Rab3 Be8 36. a3 Nc5 37. Rb4 Rd4 38. Nc4 f6 39. e5 fxe5 40. Rxa4 Nxa4 41.
Rc1 Bxh5 42. Nxe5 Nc5 43. Nc6 Ra4 44. Rc3 Bd1 45. Bh3 g5 46. Ne5 Kg7 47. Re3 Bb3
48. Nd7 Nxd7 49. Rxb3 g4 50. Bf1 Ne5 51. Be2 Kf6 52. Rc3 a6 53. Kg2 b5 54. Bd1
Rc4 55. Re3 Rc1 56. Be2 Re1 57. Re4 h5 58. Kh2 a5 59. Kg2 b4 60. axb4 axb4 61.
Rf4+ Ke7 62. Bf1 Rb1 63. Be2 Kd6 64. Rf8 b3 65. Rb8 Kc5 66. Rb5+ Kd4 67. Bf1 Nf3
68. Rxh5 e5 69. Rh8 Rxf1 70. Rd8+ Ke4 71. Kxf1 b2 72. Rd1 b1=Q 73. Kg2 Nh4+ 0-1

[Event "ch-USA GpB"]
[Site "Saint Louis USA"]
[Date "2011.04.20"]
[Round "6"]
[White "Shabalov, Alexander"]
[Black "Kaidanov, Gregory S"]
[Result "0-1"]
[WhiteTitle "GM"]
[BlackTitle "GM"]
[WhiteElo "2590"]
[BlackElo "2569"]
[WhiteFideId "2008572"]
[BlackFideId "2008564"]
[EventDate "2011.04.15"]

1. d4 Nf6 2. c4 e6 3. Nc3 Bb4 4. Bg5 c5 5. d5 d6 6. e3 exd5 7. cxd5 Nbd7 8. Bb5
Qa5 9. Bxd7+ Nxd7 10. Ne2 f6 11. Bf4 Ne5 12. O-O O-O 13. Qc2 Qd8 14. a3 Ba5 15.
Ne4 Qe7 16. N4g3 g6 17. h4 Bd7 18. h5 g5 19. Bxe5 Qxe5 20. e4 f5 21. Nxf5 Bxf5
22. exf5 Rxf5 23. Ng3 Rf4 24. Rad1 Raf8 25. b3 c4 26. bxc4 Bb6 27. Nh1 g4 28.
Rd2 Qxh5 29. Re2 R4f6 30. Re6 Rxe6 31. dxe6 Qe5 32. Qd3 Qxe6 33. Ng3 Rxf2 34.
Rxf2 Qe1+ 35. Kh2 Bxf2 36. Ne2 Bc5 0-1

[Event "ch-USA GpB"]
[Site "Saint Louis USA"]
[Date "2011.04.21"]
[Round "7"]
[White "Kaidanov, Gregory S"]
[Black "Christiansen, Larry M"]
[Result "1-0"]
[WhiteTitle "GM"]
[BlackTitle "GM"]
[WhiteElo "2569"]
[BlackElo "2586"]
[WhiteFideId "2008564"]
[BlackFideId "2000059"]
[EventDate "2011.04.15"]

1. d4 Nf6 2. c4 e6 3. g3 c5 4. Nf3 cxd4 5. Nxd4 d5 6. Bg2 e5 7. Nf3 d4 8. O-O
Nc6 9. e3 Be7 10. exd4 exd4 11. a3 Be6 12. b3 Qd7 13. Bb2 Rd8 14. Nbd2 a5 15.
Re1 O-O 16. Ne5 Nxe5 17. Rxe5 Qc7 18. Nf3 d3 19. Qd2 a4 20. b4 Ng4 21. Re4 Bf6
22. Nd4 Bd7 23. Rae1 b6 24. Rc1 h6 25. c5 bxc5 26. Rxc5 Qd6 27. Qxd3 Rc8 28. Qc2
Qb8 29. h3 Ne5 30. Rexe5 Bxe5 31. Nc6 Rxc6 32. Bxc6 Bxb2 33. Qxb2 Bxh3 34. Bxa4
Qd6 35. Bc6 Qd1+ 36. Kh2 Be6 37. Qc1 Qg4 38. Bg2 f5 39. Qf4 Qh5+ 40. Qh4 Qe2 41.
Qd4 Kh7 42. Re5 Qh5+ 43. Kg1 Bc8 44. b5 Rf7 45. Qc3 Qd1+ 46. Re1 Qd8 47. a4 Rd7
48. Rc1 Rd1+ 49. Bf1 Rxf1+ 50. Rxf1 Bb7 51. Re1 Qg5 52. Qc7 Bd5 53. Qe5 Ba8 54.
Qe8 Bd5 55. Qe5 Ba8 56. Qe8 Bd5 57. Qd7 Bf3 58. Re3 Ba8 59. b6 1-0